<?xml version="1.0" encoding="UTF-8"?>
<record
    xmlns:xsi="http://www.w3.org/2001/XMLSchema-instance"
    xsi:schemaLocation="http://www.loc.gov/MARC21/slim http://www.loc.gov/standards/marcxml/schema/MARC21slim.xsd"
    xmlns="http://www.loc.gov/MARC21/slim">

  <leader>00551    a2200181   4500</leader>
  <controlfield tag="001">067966</controlfield>
  <controlfield tag="003">OSt</controlfield>
  <controlfield tag="005">20220112104729.0</controlfield>
  <controlfield tag="008">                                        </controlfield>
  <datafield tag="020" ind1=" " ind2=" ">
    <subfield code="a">97893802710808</subfield>
  </datafield>
  <datafield tag="082" ind1=" " ind2=" ">
    <subfield code="a">157</subfield>
    <subfield code="b">R81K</subfield>
  </datafield>
  <datafield tag="100" ind1="1" ind2=" ">
    <subfield code="a">&#x930;&#x949;&#x92F;&#x932;, &#x92A;&#x930;&#x92E;&#x947;&#x936; &#x915;&#x947;.</subfield>
  </datafield>
  <datafield tag="245" ind1="1" ind2=" ">
    <subfield code="a">&#x916;&#x941;&#x936;&#x93E;&#x932;&#x940; &#x915;&#x93E; &#x92E;&#x928;&#x94B;&#x935;&#x93F;&#x91C;&#x94D;&#x91E;&#x93E;&#x928;</subfield>
    <subfield code="c">by &#x92A;&#x930;&#x92E;&#x947;&#x936; &#x915;&#x947;. &#x930;&#x949;&#x92F;&#x932;</subfield>
  </datafield>
  <datafield tag="260" ind1=" " ind2=" ">
    <subfield code="a">&#x91C;&#x92F;&#x92A;&#x941;&#x930;</subfield>
    <subfield code="b">&#x930;&#x93E;&#x91C;&#x938;&#x94D;&#x925;&#x93E;&#x928; &#x92A;&#x924;&#x94D;&#x930;&#x93F;&#x915;&#x93E;</subfield>
    <subfield code="c">2009</subfield>
  </datafield>
  <datafield tag="300" ind1=" " ind2=" ">
    <subfield code="a">119p.</subfield>
  </datafield>
  <datafield tag="630" ind1=" " ind2=" ">
    <subfield code="a">English</subfield>
  </datafield>
  <datafield tag="942" ind1=" " ind2=" ">
    <subfield code="2">ddc</subfield>
    <subfield code="c">BK</subfield>
  </datafield>
  <datafield tag="999" ind1=" " ind2=" ">
    <subfield code="c">1818</subfield>
    <subfield code="d">1818</subfield>
  </datafield>
  <datafield tag="952" ind1=" " ind2=" ">
    <subfield code="0">0</subfield>
    <subfield code="1">0</subfield>
    <subfield code="2">ddc</subfield>
    <subfield code="4">0</subfield>
    <subfield code="7">0</subfield>
    <subfield code="8">TXB</subfield>
    <subfield code="a">CURAJ</subfield>
    <subfield code="b">CURAJ</subfield>
    <subfield code="d">2012-03-07</subfield>
    <subfield code="e">CLB</subfield>
    <subfield code="g">70.00</subfield>
    <subfield code="l">2</subfield>
    <subfield code="o">157 R81K</subfield>
    <subfield code="p">2253</subfield>
    <subfield code="r">2025-02-24</subfield>
    <subfield code="s">2025-02-10</subfield>
    <subfield code="w">2020-09-02</subfield>
    <subfield code="y">BK</subfield>
  </datafield>
</record>
